000
00266nam a2200109 a 4500
005
20140414132001.0
008
110212s19uu xx 00 eng d
050
_a
TR
_b
T14 2001
100
_a
Blyton, Enid
245
_a
The tale of Flop and Whiskers.
999
_c
113062
_d
113062